| 000 | 00844nam a22002177a 4500 | ||
|---|---|---|---|
| 999 |
_c7845 _d7845 |
||
| 001 | 7845 | ||
| 003 | BD-JhCC | ||
| 005 | 20180214165932.0 | ||
| 008 | 180214s1968 bg |||| |||| 00| 0 ben d | ||
| 035 | _a(BD-JhCC)7845 | ||
| 040 |
_aBD-JhCC _dBD-JhCC |
||
| 041 | _aben | ||
| 082 |
_a371.7 _bJER 1968 |
||
| 100 | _aজার্সিল্ড, আর্থার টি | ||
| 245 |
_aশিক্ষকরা যখন নিজেদের সমস্যা মোকাবিলা করে / _cআর্থার টি জার্সিল্ড অনুবাদ মনজুর আহমদ |
||
| 260 |
_aঢাকা : _bনওরোজ কিতাবিস্তান, _c১৯৬৮. |
||
| 300 |
_a১৭০ পৃ. : _c২২ সেমি. |
||
| 650 | _aEducation | ||
| 700 | _aআহমদ, মনজুর | ||
| 942 |
_2ddc _cBK |
||